Представление документа в формате RUSMARC

ПолеНазваниеЗначение
  Тип записи a
  Библиографический уровень m
001 Контрольный номер d1433871e3a94117bc6c0ba0e34dd1bf
005 Дата корректировки 20140618141945.5
010 Индекс ISBN __
a ISBN 978-5-394-02263-0
d Цена 323.00
101 Язык документа 0_
a Язык текста rus
102 Страна публикации __
a Страна публикации RU
200 Заглавие и сведения об ответственности 1_
a Заглавие Маркетинг в отраслях и сферах деятельности
e Сведения, относящиеся к заглавию учебник
b Общее обозначение материала Текст
f Первые сведения об ответственности под ред. Ю.В.Морозова, В.Т.Гришиной
205 Сведения об издании __
a Основные сведения об издании 9-е изд.
210 Выходные данные 1_
d Дата издания 2013
c Издательство Дашков и К
a Место издания М.
215 Физическое описание __
a Объем 445, [1] с.
300 Общие примечания __
a Общие примечания гриф
610 Ключевые слова 0_
a Ключевые слова гриф
610 Ключевые слова 0_
a Ключевые слова учебник
610 Ключевые слова 0_
a Ключевые слова маркетинг в промышленности
610 Ключевые слова 0_
a Ключевые слова маркетинг в сельском хозяйстве
610 Ключевые слова 0_
a Ключевые слова маркетинг в торговле
610 Ключевые слова 0_
a Ключевые слова банковский маркетинг
610 Ключевые слова 0_
a Ключевые слова маркетинг в сфере услуг
610 Ключевые слова 0_
a Ключевые слова маркетинг в страховании
610 Ключевые слова 0_
a Ключевые слова туристический маркетинг
610 Ключевые слова 0_
a Ключевые слова маркетинг образовательных услуг
610 Ключевые слова 0_
a Ключевые слова маркетинг медицинских услуг
610 Ключевые слова 0_
a Ключевые слова туристический маркетинг
686 Индексы других классификаций __
a Классификационный индекс 65.050.9(2)24я73
2 Код системы rubbk
701 Альтернативная интеллектуальная ответственность _1
a Фамилия Гришина
b Имя В.Т.
701 Альтернативная интеллектуальная ответственность _1
a Фамилия Дробышева
b Имя Л.А.
701 Альтернативная интеллектуальная ответственность _1
a Фамилия Дашкова
b Имя Т.Л.
701 Альтернативная интеллектуальная ответственность _1
a Фамилия Козлова
b Имя Н.П.
701 Альтернативная интеллектуальная ответственность _1
a Фамилия Матвеева
b Имя О.З.
701 Альтернативная интеллектуальная ответственность _1
a Фамилия Матвеев
b Имя Э.Ю.
701 Альтернативная интеллектуальная ответственность _1
a Фамилия Меликян
b Имя О.М.
701 Альтернативная интеллектуальная ответственность _1
a Фамилия Морозов
b Имя Ю.В.
701 Альтернативная интеллектуальная ответственность _1
a Фамилия Пахомкин
b Имя Ю.В.
701 Альтернативная интеллектуальная ответственность _1
a Фамилия Романович
b Имя В.К.
701 Альтернативная интеллектуальная ответственность _1
a Фамилия Солдатова
b Имя Н.Ф.
702 Вторичная интеллектуальная ответственность _1
a Фамилия Морозов
b Имя Ю.В.
4 Код отношения 340
702 Вторичная интеллектуальная ответственность _1
a Фамилия Гришина
b Имя В.Т.
4 Код отношения 340
801 Источник записи _0
a Страна RU
b Организация РУК
c Дата составления 20131224
g Правила каталогизации PSBO
801 Источник записи _1
a Страна RU
b Организация РУК
c Дата составления 20131224
g Правила каталогизации PSBO
852 Данные о местонахождении __
j Шифр хранения ББК 65.050
i Авторский знак М 27
901 Тип документа __
t Тип документа m
912 Принадлежность преподавателя к РУК __
a Принадлежность преподавателя к РУК преподаватель Головного вуза
938 Служебная информация __
a Название организации Головной вуз
b Имя БД BOOK
c Название АИБС АИБС ИРБИС